000
00223nam a22000857a 4500
008
160712b xxu||||| |||| 00| 0 eng d
100
_9
2626
_a
Mains, K.B
245
_a
The Fragile Curtain
260
_a
Illinois
_b
David C.Cook
_c
1981
999
_c
2280
_d
2280